|
|
|
|
| LEADER |
00000nam0a2200000 4500 |
| 001 |
72838 |
| 005 |
20231031083902.0 |
| 035 |
|
|
|a (RuTPU)RU\TPU\book\77672
|
| 090 |
|
|
|a 72838
|
| 100 |
|
|
|a 20050201d1958 km y0rusy50 ca
|
| 101 |
0 |
|
|a rus
|
| 102 |
|
|
|a RU
|
| 105 |
|
|
|a a z 001zy
|
| 200 |
1 |
|
|a Счетчики невидимых частиц и излучений
|f А. В. Александров
|g под ред. К. В. Чмутова
|
| 210 |
|
|
|a Москва
|c Государственное издательство технико-теоретической литературы
|d 1958
|
| 215 |
|
|
|a 95 с.
|c ил.
|
| 225 |
1 |
|
|a Научно-популярная библиотека
|
| 610 |
1 |
|
|a ионизационные камеры
|
| 610 |
1 |
|
|a газоразрядные счетчики
|
| 610 |
1 |
|
|a высоковольтные счетчики
|
| 610 |
1 |
|
|a низковольтные счетчики
|
| 610 |
1 |
|
|a конструкции
|
| 610 |
1 |
|
|a народное хозяйство
|
| 675 |
|
|
|a 539
|v 3
|
| 700 |
|
1 |
|a Александров
|b А. В.
|g Анатолий Васильевич
|
| 702 |
|
1 |
|a Чмутов
|b К. В.
|4 340
|
| 801 |
|
1 |
|a RU
|b 63413507
|c 20050201
|g PSBO
|
| 801 |
|
2 |
|a RU
|b 63413507
|c 20130527
|g PSBO
|
| 942 |
|
|
|c BK
|